01019nam a2200193Ia 4500001001000000003001000010008004100020040002500061041001300086100003400099245006700133250001100200260006500211300001200276500019700288501011400485520019700599650002900796L232-6540IT-CnALBA170116s9999||||xx |||||||||||||| ||und|| aIT-CnALBAcIT-CnALBA aITALIANO aBEAUDENOM LEOPOLDO, CANONICO. 0aMEDITATIONS AFFECTIVES ET PRATIQUES SUR L'EVANGILE. VOL. III.  a2a ed. a PARISbLETHIELLEUX P. EDIT. ET LIBR. c1915 [1° Ed.: n.d.] a344 p.  aPREGHIERA DI GESÙ SUL MONTE. PREGHIERA COME GESÙ. FONDAZIONE DELLA CHIESA. APOSTOLATO. DISCORSO SULLA MONTAGNA. REGNO DI DIO. IL PADRE NOSTRO. DIO PADRE DI GESÙ. AMORE DI GESÙPER NOI.  aSocietà San Paolo EM - Piazza San Paolo, 14 - 12051 ALBA (CN) (non commercial uses only) ® Copyright 2017 aPREGHIERA DI GESÙ SUL MONTE. PREGHIERA COME GESÙ. FONDAZIONE DELLA CHIESA. APOSTOLATO. DISCORSO SULLA MONTAGNA. REGNO DI DIO. IL PADRE NOSTRO. DIO PADRE DI GESÙ. AMORE DI GESÙPER NOI.  aVITA E MISTERO DI CRISTO